[Event "2024 New Zealand Championship"]
[Site "Palmerston North NZL"]
[Date "2024.01.02"]
[Round "1.12"]
[White "Chang, Yolanda"]
[Black "Fulo, Nunilon III"]
[Result "1-0"]
[WhiteElo "1880"]
[BlackElo "2180"]
[PlyCount "75"]
[EventDate "2024.01.02"]

1. e4 e5 2. Nf3 Nc6 3. d4 exd4 4. Bc4 Nf6 5. e5 d5 6. Bb5 Ne4 7. Nxd4 Bd7 8.
Bxc6 bxc6 9. O-O Bc5 10. f3 Ng5 11. Be3 Qe7 12. f4 Ne4 13. Nd2 Nxd2 14. Qxd2
O-O 15. Rae1 Bxd4 16. Bxd4 c5 17. Bf2 d4 18. c4 Bf5 19. h3 Rab8 20. g4 Bc8 21.
f5 f6 22. Bh4 Qf7 23. b3 Bb7 24. exf6 gxf6 25. Re6 Qg7 26. Rfe1 Rbd8 27. Kh2
Bc8 28. R6e2 Bb7 29. g5 Qd7 30. gxf6 Qxf5 31. Kg1 Kh8 32. Re7 Bc8 33. Qg2 Rg8
34. Rg7 Qf4 35. Kh1 Be6 36. f7 Qxf7 37. Rxf7 Rxg2 38. Kxg2 1-0

[Event "2024 New Zealand Championship"]
[Site "Palmerston North NZL"]
[Date "2024.01.02"]
[Round "1.20"]
[White "Lu, Xiahan (Luna)"]
[Black "Young, Cohen"]
[Result "0-1"]
[WhiteElo "1749"]
[BlackElo "2099"]
[PlyCount "104"]
[EventDate "2024.01.02"]

1. d4 Nf6 2. c4 e6 3. Nc3 Bb4 4. e3 O-O 5. Bd3 c5 6. Nge2 d5 7. O-O cxd4 8.
exd4 dxc4 9. Bxc4 a6 10. Bg5 b5 11. Bd3 Bb7 12. Ne4 Be7 13. Nxf6+ Bxf6 14. Bxf6
Qxf6 15. Qc2 h6 16. Bh7+ Kh8 17. Be4 Nc6 18. Qd2 Rad8 19. Qe3 Qe7 20. Qf3 Na5
21. b3 Bd5 22. Rac1 Qd6 23. Bxd5 Qxd5 24. Qxd5 Rxd5 25. Rc7 Kg8 26. Rfc1 Rfd8
27. f4 R8d7 28. Rc8+ Kh7 29. Kf2 g5 30. fxg5 hxg5 31. R1c7 Kg6 32. h4 Rf5+ 33.
Ke3 Rxc7 34. Rxc7 gxh4 35. Ra7 Nc6 36. Rxa6 Nb4 37. Ra8 Nd5+ 38. Kd3 b4 39.
Rg8+ Kf6 40. Rh8 Rg5 41. Rxh4 Rxg2 42. Rh8 Kg7 43. Re8 Rh2 44. Ra8 f5 45. a4
Rh3+ 46. Kc2 f4 47. Ng1 Rc3+ 48. Kd2 Rxb3 49. a5 Rg3 50. Ne2 Rg2 51. Ke1 f3 52.
Nc1 Ne3 0-1

[Event "2024 New Zealand Championship"]
[Site "Palmerston North NZL"]
[Date "2024.01.02"]
[Round "1.24"]
[White "Ng, Lok Jim (Lauren)"]
[Black "Yu, Zachary"]
[Result "0-1"]
[WhiteElo "1560"]
[BlackElo "2060"]
[PlyCount "128"]
[EventDate "2024.01.02"]

1. d4 Nf6 2. c4 e6 3. Nc3 Bb4 4. Qc2 O-O 5. Bf4 d5 6. e3 a6 7. Bd3 dxc4 8. Bxc4
b5 9. Bd3 Bb7 10. f3 h6 11. Nge2 Qe7 12. O-O Rc8 13. a3 Bxc3 14. Nxc3 c5 15.
dxc5 Qxc5 16. Qf2 Nbd7 17. Rac1 Qe7 18. Qg3 Nh5 19. Qf2 Nc5 20. Be4 Bxe4 21.
Nxe4 Nxe4 22. fxe4 Nf6 23. Rxc8+ Rxc8 24. e5 Ne4 25. Qe2 Qc5 26. Qd3 Qd5 27.
Qxd5 exd5 28. h3 Rc2 29. Rd1 g5 30. Bh2 Rxb2 31. g4 Nf2 32. Rxd5 Nxh3+ 33. Kh1
Nf2+ 34. Kg1 Nxg4 35. Rd8+ Kg7 36. Bg3 Nxe3 37. Bh2 Rb1+ 38. Kf2 Ng4+ 39. Kg3
Nxh2 40. Kxh2 Rb3 41. Rd7 Kf8 42. Rd6 Rxa3 43. Rxh6 b4 44. Rb6 b3 45. Kg3 Ra5
46. Rxb3 Rxe5 47. Ra3 a5 48. Kg4 Kg7 49. Rf3 Kg6 50. Rb3 Re4+ 51. Kf3 Rb4 52.
Rc3 a4 53. Rc6+ f6 54. Ra6 g4+ 55. Kg3 Kg5 56. Ra5+ f5 57. Kf2 Kf4 58. Kg2 Rb2+
59. Kg1 Ra2 60. Kf1 a3 61. Ra4+ Kf3 62. Ke1 g3 63. Kd1 g2 64. Kc1 g1=Q# 0-1